00722nam a2200205Ia 4500003000900000008004100009040001600050080001900066100003100085245006500116260005200181300001000233490004800243650003400291650003400325650001900359942000700378999001500385952011600400IN-BaIIA211028s9999 xx 000 0 eng d cIIA Library a[8]:01:00bWAR aWarner, Deborah Jean97419 0aAlvan Clark and sonsbartists in opticscDeborah Jean Warner aWashingtonbSmithsonian Institution Pressc1968 a120p. aUnited States National museum bulletin; 274 aAlvan Clark - Biography97420 aBiography - Alvan Clark97421 aNASA thesaurus cBK c4223d4223 00104070aBANbBANcGENd1973-05-23g14.00l0o92:53/ WARp4713r2021-11-05v14.00w1973-05-23yBKGRs. 14.00